| 000 | 00000nam##2200000za#4500 |
| 001 | 9.636729 |
| 003 | CaOODSP |
| 005 | 20210624220853 |
| 007 | cr ||||||||||| |
| 008 | 150407|2009||||xxc|||||o f|0| 0 fre|d |
| 020 | |a978-1-100-92400-7 |
| 040 | |aCaOODSP|bfre |
| 043 | |an-cn--- |
| 086 | 1 |aPH4-57/2009F-PDF |
| 110 | 1 |aCanada.|bProjet de recherche sur les politiques. |
| 245 | 10|aLes valeurs des jeunes au Canada - rapport de recherche / |h[ressource électronique]|c[par] Marc Molgat. |
| 260 | |aOttawa - Ontario : |bProjet de recherche sur les politiques |cMars 2010. |
| 300 | |a54p.|bfigures, références, tableaux |
| 500 | |a"Projet du PRP - Investir dans la jeunesse" - en couverture. |
| 590 | |a10-10|b2010-03-12 |
| 691 | 07|aÉthique|2gcpds |
| 691 | 07|aJeunesse|2gcpds |
| 720 | 1 |aMolgat, Marc |
| 775 | 08|tThe values of youth in Canada - research paper / |w(CaOODSP)9.692461 |
| 856 | 40|ahttp://publications.gc.ca|qPDF|s422 Ko|uhttps://publications.gc.ca/collections/collection_2010/prp-pri/PH4-57-2009-fra.pdf |